Catálogo
 En Linea

Martí en el periodismo caraqueño : (Registro nro. 15299)

Detalles MARC
000 -CABECERA
campo de control de longitud fija 00911cam a2200241 a 4500
001 - NÚMERO DE CONTROL
campo de control 000015749
005 - FECHA Y HORA DE LA ÚLTIMA TRANSACCIÓN
campo de control 20240306073909.0
008 - DATOS DE LONGITUD FIJA--INFORMACIÓN GENERAL
campo de control de longitud fija 780116s1968 ve ach 000 0 spa
035 ## - NÚMERO DE CONTROL DEL SISTEMA
Número de control de sistema (DLC) 75408480
040 ## - FUENTE DE LA CATALOGACIÓN
Centro catalogador/agencia de origen DO-SdBNP
Lengua de catalogación spa
Centro/agencia transcriptor DLC
Centro/agencia modificador BNPHU
050 00 - SIGNATURA TOPOGRÁFICA DE LA BIBLIOTECA DEL CONGRESO
Número de clasificación F2341.C2
Número de documento/Ítem A34 vol. 11
049 ## - FONDOS LOCALES (OCLC)
Fondos de biblioteca BNGR
100 1# - ENTRADA PRINCIPAL--NOMBRE DE PERSONA
Nombre de persona Ávila, Francisco J.
9 (RLIN) 35434
245 10 - MENCIÓN DE TÍTULO
Título Martí en el periodismo caraqueño :
Resto del título el estilo prospectivo de un maestro de la comunicación social /
Mención de responsabilidad, etc. [ Francisco J. Ávila].
260 ## - PUBLICACIÓN, DISTRIBUCIÓN, ETC.
Lugar de publicación, distribución, etc. Caracas :
Nombre del editor, distribuidor, etc. Cuatricentenario de Caracas,
Fecha de publicación, distribución, etc. 1968.
300 ## - DESCRIPCIÓN FÍSICA
Extensión 298 p. :
Otras características físicas il., facsims., ports. ;
Dimensiones 23 cm.
490 1# - MENCIÓN DE SERIE
Mención de serie Materiales para el estudio de Caracas
Designación de volumen o secuencia 11
500 ## - NOTA GENERAL
Nota general Artículos de J. Martí: p. 127-298.
600 10 - PUNTO DE ACCESO ADICIONAL DE MATERIA--NOMBRE DE PERSONA
Nombre de persona Martí, José,
Fechas asociadas al nombre 1853-1895
9 (RLIN) 645
700 1# - PUNTO DE ACCESO ADICIONAL--NOMBRE DE PERSONA
Nombre de persona Martí, José,
Fechas asociadas al nombre 1853-1895
9 (RLIN) 645
830 #0 - PUNTO DE ACCESO ADICIONAL DE SERIE-TÍTULO UNIFORME
Título uniforme Materiales para el estudio de Caracas ;
Designación de volumen o secuencia 11
9 (RLIN) 35435
910 ## - DATOS DE OPCIÓN DEL USUARIO (OCLC)
Datos de opción del usuario Catalogación derivada
Existencias
Estado de retiro Estado de pérdida Restricciones de uso No para préstamo Código de colección Localización permanente Ubicación/localización actual Ubicación en estantería Fecha de adquisición Número de inventario Total de préstamos Signatura topográfica completa Código de barras Fecha visto por última vez Precio válido a partir de Tipo de ítem Koha
    Préstamo interno Préstamo restrigido Monografías: Libros y Folletos General General En encuadernación 17.02.2010 LF1   15749-10 25.06.2020 25.06.2020 Préstamo interno

Con tecnología Koha